| 000 | 00538nam a22001817a 4500 | ||
|---|---|---|---|
| 005 | 20251108165454.0 | ||
| 008 | 250721s1993 xx 000 0 ara d | ||
| 082 | 1 | 4 | _aم/028.12/هان |
| 100 | 1 | _aالعمد، هاني | |
| 245 | 1 | 0 |
_aكتب البرامج و الفهارس الأندلسية : _bدراسة و تحليل / |
| 264 | 1 |
_aعمان : _bالجامعة الاردنية، _c1993. |
|
| 300 | _a223ص | ||
| 650 | 1 | 7 | _aالنقد |
| 650 | 1 | 7 | _aالكتب |
| 650 | 1 | 7 | _aالقراءة |
| 942 |
_2ddc _cREF |
||
| 999 |
_c28729 _d28729 |
||